Science Quiz

Random Science or Math Quiz

Quick Math Challenge VI Quiz Stats

Quiz Updated Apr 5, 2012

Challenge
Share
Tweet
Embed
Score 0/27 Timer 02:00
13 Plays Today
Steps % Correct
x 444
99.4%
1111
98.6%
- 2618
98.3%
2/3 of this12
97.2%
x by itself144
95.9%
1/4 of this36
92.8%
÷ 94
92.6%
x 1768
91.2%
Halve it34
90.9%
4848
90.7%
3/8 of this18
87%
x 2.545
83%
Triple it135
81.6%
- 5184
78.6%
Steps % Correct
Halve it42
77.8%
3/7 of this18
74.7%
x 472
71.3%
1818
70.7%
÷ 126
69.5%
x 16288
49.8%
- 163125
46.9%
48% of this60
35.6%
x 3.8228
25.5%
- 66162
22%
Halve it81
20.9%
9
20.2%
x 17153
17.3%

You're not logged in!

Compare scores with friends on all Sporcle quizzes.
Sign Up with Email
OR
Log In

You Might Also Like...

Show Comments

Extras

Top Quizzes Today


Score Distribution

Your Account Isn't Verified!

In order to create a playlist on Sporcle, you need to verify the email address you used during registration. Go to your Sporcle Settings to finish the process.